Fundamentals of plant pathology (Record no. 396056)

MARC details
000 -LEADER
fixed length control field 00542 a2200205 4500
005 - DATE & TIME
control field 20260310123842.0
008 - FIXED-LENGTH DATA ELEMENTS--GENERAL INFORMATION
fixed length control field 260310b |||||||| |||| 00| 0 eng d
020 ## - ISBN
International Standard Book Number 9789363639690
Price Rs. 995.00
040 ## - CATALOGING SOURCE
Original cataloging agency VIVEKANANDA LIBRARY
082 ## - DDC NUMBER
Classification number 632.3
Book Number K527F
100 ## - MAIN ENTRY--PERSONAL NAME
Personal name Kharayat, Bhupendra Singh
245 ## - TITLE STATEMENT
Title Fundamentals of plant pathology
260 ## - PUBLICATION, DISTRIBUTION, ETC. (IMPRINT)
Name of publisher, distributor, etc MedTech Science Press
Date of publication, distribution, etc 2025
Place of publication, distribution, etc New Delhi
300 ## - PHYSICAL DESCRIPTION
Pages xv, 631
650 ## - Subject
Subject Agriculture
650 ## - Subject
Subject Plant Injuries
650 ## - Subject
Subject Plant Diseases
650 ## - Subject
Subject Plant Pathology
942 ## - ADDED ENTRY ELEMENTS (KOHA)
Koha item type Books
Holdings
Withdrawn status Lost status Source of classification or shelving scheme Damaged status Not for loan Location (home branch) Sublocation or collection (holding branch) Shelving location Date acquired Koha issues (times borrowed) Koha full call number Accession No. Koha date last seen Koha item type
    Dewey Decimal Classification     VIVEKANANDA LIBRARY VIVEKANANDA LIBRARY Vivekananda Library 17/02/2026   632.3 K527F 438339 17/02/2026 Books
    Dewey Decimal Classification     VIVEKANANDA LIBRARY VIVEKANANDA LIBRARY Vivekananda Library 17/02/2026   632.3 K527F 438338 17/02/2026 Books
© Designed and Maintained by Vivekananda Library, MDU Rohtak